01021nam a2200265Ia 450000100060000000300090000600800410001504000130005604000130006904100130008210000160009510000290011124000380014024000350017824500360021324500360024925000110028526000110029626000160030726000490032330000430037250002950041565000140071065000310072434566IT-RoPAU130308s9999 xx 000 0 und d aIT-RoPAU cIT-RoPAU aITALIANO aPinborg Jan gCodice Aut. SPICS: 15364 aLOGIK UND SEMANTIK IM MITTELALTER gCodice Tit. Orig. Spics: T2050 aLogica e semantica nel Medioevo bLogica e Semantica nel Medioevo a1a ed. aTORINO bBoringhieri c1984 [1° Ed.:1984 - Ed.Ling.Originale:1972] a"220 p. (prefazione: no ; testo: 220)" aCronologia e Periodi Fonti Presupposti della Logica Medievale Logica Tardoantica Logica Aristotelica e Stoica Logica della Prima Media e tarda Scolastica Concetti Semantici Fondamentali Inferenza Logica e Scienza Grammatica Linguistica Oggetto della Scienza topica Sillogistica Bibliografia aSEMANTICA eCodice materia Spics: 3301